| 000 | 00788nam0a22002171 4500 | ||
|---|---|---|---|
| 001 | v19\rc\1242178 | ||
| 005 | 20250617232809.0 | ||
| 035 | _a(NLR Aleph) 004399993 | ||
| 090 |
_a3865705 _c3865705 |
||
| 100 | _a20060306d1886 |||y0rusy50 ca | ||
| 101 | 0 | _arus | |
| 102 | _aRU | ||
| 105 | _aa z ||||| | ||
| 200 | 1 |
_aПатентованный водомер с регулирующим прибором системы "Мейнеке" _fГ. Мейнеке младший. Бреславль. (Германия-Силезия) |
|
| 210 |
_aЛибава _cтипо. и лит. Готл. Д. Мейера _dценз. 1886 |
||
| 215 |
_a[8] с., 2 л. ил. _cчерт. |
||
| 801 | 0 |
_aRU _bNLR _gpsbo |
|
| 801 | 1 |
_aRU _bProSoft-M _2rusmarc |
|
| 852 |
_aNLR _j18.216.3.107 |
||
| 942 | _cBOOK | ||
| 980 | _aNB | ||